00876nam a2200241Ia 4500003000900000008004100009020001800050040001600068080001800084245008900102260003400191300001300225650004700238650004700285650004100332700002500373700002600398700003500424700002400459942000700483999001500490952012900505IN-BaIIA211028s9999 xx 000 0 eng d a3-540-06352-8 cIIA Library a048.1:52/72-7 0aAstronomy and astrophysics abstractsbvol. 7, pt. 1cedited by S. Bohme... [et. al.] aBerlinbSpringer-Verlagc1972 ax, 526p. aAbstracts-Astronomy and Astrophysics96051 aAstronomy and Astrophysics Abstracts96052 aAstronomy and Astrophysics Thesaurus aBohme, S., ed.96427 aFricke, W., ed.96053 aGuntzel-Lingner, U., ed.96054 aHenn, F., ed.96055 cBK c4130d4130 00102ddc4070aBANbBANcGENd1973-03-23g198.00l0o048.1:52/ AAA-7p4608r2021-11-05v198.00w1973-03-23yBKGRs. 198.00